000 00496nam a22001457a 4500
005 20150922102022.0
008 150922b xxu||||| |||| 00| 0 eng d
040 _cPK-LaUMT
082 _aKHC 954.916
_bQAM-Q
100 _aقمرالزمان عباسی، محمد
245 _aقائداعظم اور ریاست بہاولپور
_cمحمد قمرالزمان عباسی
260 _aبہاولپور
_bمحمد قمرالزمان عباسی پبلشرز
_c1999
300 _a328 ص
942 _cBK
999 _c76649
_d76649